=LDR 00000nam 2200000 4500 =001 INLIS000000000034071 =005 20130612140006 =008 ***********************************ind** =035 ##$$0010-061300000034071 =041 ##$$a ind =082 ##$$a 813 =090 ##$$a 813, Ham y =100 ##$$a Hamdani, Dandan =245 ##$$a Yes i'm a model, oleh Dandan Hamdani ; editor, Viried Anggraini =260 ##$$a 2007 $b Jakarta =300 ##$$a 253 hlm, ilus, 21 cm =650 ##$$a Fiksi Indonesia =650 ##$$a Anggraini, Viried =850 ##$$a NBPNMAT